[Event "Oberliga Nord O 1920"]
[Site "Germany"]
[Date "2020.03.01"]
[Round "7.2"]
[White "Anibar, Ahmed"]
[Black "Jansen, Andreas"]
[Result "1-0"]
[WhiteElo "2273"]
[BlackElo "2095"]
[PlyCount "81"]
[EventDate "2019.09.29"]
[EventType "team-tourn"]
[EventRounds "9"]
[EventCountry "GER"]
[SourceTitle "CBM 195 Extra"]
[Source "ChessBase"]
[SourceDate "2020.05.31"]
[SourceVersion "1"]
[SourceVersionDate "2020.05.31"]
[SourceQuality "1"]

1. e4 g6 2. d4 d6 3. Nc3 Bg7 4. Bg5 c6 5. Qd2 Qc7 6. f4 h5 7. Nf3 Nd7 8. e5 d5 9. e6 Nf8 10. exf7+ Kxf7 11. Ne5+ Bxe5 12. fxe5 Bf5 13. 0-0-0 e6 14. Be2 Nh7 15. Be3 Ne7 16. Rdf1 Rag8 17. g3 Ke8 18. h3 b5 19. g4 hxg4 20. hxg4 b4 21. Na4 Be4 22. Rh6 Qa5 23. b3 Nf8 24. a3 c5 25. axb4 cxb4 26. Kb2 Nd7 27. Ra1 Qc7 28. Rc1 Rxh6 29. Bxh6 Rh8 30. Bb5 Qb7 31. Bxd7+ Qxd7 32. Nc5 Qc8 33. Rf1 Nc6 34. Qf4 Nd8 35. Qf6 Rg8 36. Bg5 Qc7 37. Ra1 Rf8 38. Qxd8+ Qxd8 39. Bxd8 Rf2 40. Nxe4 dxe4 41. Ba5 1-0

[Event "Oberliga Nord O 1920"]
[Site "Germany"]
[Date "2019.11.24"]
[Round "3.2"]
[White "Anibar, Ahmed"]
[Black "Stubbe, Wilko"]
[Result "1/2-1/2"]
[WhiteElo "2270"]
[BlackElo "2210"]
[PlyCount "63"]
[EventDate "2019.09.29"]
[EventType "team-tourn"]
[EventRounds "9"]
[EventCountry "GER"]
[SourceTitle "CBM 195 Extra"]
[Source "ChessBase"]
[SourceDate "2020.05.31"]
[SourceVersion "1"]
[SourceVersionDate "2020.05.31"]
[SourceQuality "1"]

1. e4 e6 2. f4 d5 3. e5 c5 4. Nf3 Nc6 5. c3 Nge7 6. Na3 Nf5 7. Nc2 Be7 8. d4 0-0 9. Bd3 cxd4 10. cxd4 Qb6 11. 0-0 a5 12. g4 Nfxd4 13. Nfxd4 Bc5 14. Be3 Nxd4 15. Nxd4 Bxd4 16. Bxh7+ Kxh7 17. Bxd4 Qd8 18. Rc1 Rh8 19. Rc3 Bd7 20. Rff3 Rc8 21. Kg2 Rxc3 22. Rxc3 Kg8 23. b3 Qh4 24. h3 Bc6 25. Rg3 Qh7 26. Re3 Qg6 27. Qd3 Kh7 28. Qxg6+ Kxg6 29. Rc3 a4 30. b4 Rc8 31. b5 Bd7 32. Rxc8 1/2-1/2

[Event "Oberliga Nord O 1819"]
[Site "Germany"]
[Date "2019.01.20"]
[Round "5.1"]
[White "Kiesekamp, Marcos"]
[Black "Anibar, Ahmed"]
[Result "1/2-1/2"]
[WhiteElo "2293"]
[BlackElo "2252"]
[PlyCount "52"]
[EventDate "2018.10.21"]
[EventType "team-tourn"]
[EventRounds "9"]
[EventCountry "GER"]
[SourceTitle "EXT 2020"]
[Source "ChessBase"]
[SourceDate "2019.10.17"]
[SourceVersion "1"]
[SourceVersionDate "2019.10.17"]
[SourceQuality "1"]
[WhiteTeam "Berlin Makkabi"]
[BlackTeam "Koenig Tegel II"]
[WhiteTeamCountry "GER"]
[BlackTeamCountry "GER"]

1. e4 e6 2. d4 d5 3. Nd2 Nc6 4. Ngf3 Nf6 5. e5 Nd7 6. Bb5 a6 7. Bxc6 bxc6 8. Nb3 a5 9. a4 c5 10. 0-0 c4 11. Nbd2 c5 12. Re1 Be7 13. Nb1 0-0 14. Nc3 Rb8 15. Be3 Ba6 16. dxc5 Nxc5 17. Nd4 Qd7 18. Qg4 Kh8 19. Ndb5 Nxa4 20. Rxa4 Bxb5 21. Rxa5 Bc6 22. Ra7 Bb7 23. Rea1 Ra8 24. h3 Rxa7 25. Rxa7 Ra8 26. Qd4 Rxa7 1/2-1/2

[Event "Oberliga Nord O 1617"]
[Site "Germany"]
[Date "2017.05.07"]
[Round "9.3"]
[White "Gropp, Andreas"]
[Black "Anibar, Ahmed"]
[Result "1/2-1/2"]
[WhiteElo "2180"]
[BlackElo "2286"]
[PlyCount "29"]
[EventDate "2016.10.16"]
[EventType "team-tourn"]
[EventRounds "9"]
[EventCountry "GER"]
[SourceTitle "EXT 2018"]
[Source "ChessBase"]
[SourceDate "2017.10.13"]
[SourceVersion "1"]
[SourceVersionDate "2017.10.13"]
[SourceQuality "1"]
[WhiteTeam "Neuruppin"]
[BlackTeam "Koenig Tegel"]
[WhiteTeamCountry "GER"]
[BlackTeamCountry "GER"]

1. c4 Nf6 2. Nc3 g6 3. e4 d6 4. g3 Bg4 5. f3 Bd7 6. d3 Bg7 7. Be3 c5 8. Nge2 Nc6 9. Bg2 a6 10. 0-0 0-0 11. Qd2 Rb8 12. Bh6 b5 13. Bxg7 Kxg7 14. b3 Qa5 15. Rad1 1/2-1/2

[Event "Oberliga Nord O 1415"]
[Site "Germany"]
[Date "2015.02.01"]
[Round "6.5"]
[White "Anibar, Ahmed"]
[Black "Postler, Reinhard"]
[Result "0-1"]
[WhiteElo "2268"]
[BlackElo "2222"]
[PlyCount "70"]
[EventDate "2014.09.21"]
[EventType "team-tourn"]
[EventRounds "9"]
[EventCountry "GER"]
[SourceTitle "EXT 2016"]
[Source "ChessBase"]
[SourceDate "2015.10.08"]
[SourceVersion "1"]
[SourceVersionDate "2015.10.08"]
[SourceQuality "1"]
[WhiteTeam "Berlin Tegel II"]
[BlackTeam "Berlin Oberschoeneweide"]
[WhiteTeamCountry "GER"]
[BlackTeamCountry "GER"]

1. e4 c5 2. a3 e6 3. b4 d5 4. e5 Nc6 5. Nf3 cxb4 6. axb4 Bxb4 7. c3 Be7 8. d4 f5 9. h4 Nh6 10. Bxh6 gxh6 11. Qd2 Bf8 12. Be2 Rg8 13. g3 Na5 14. Qa2 b6 15. Ng1 Kf7 16. Nh3 Kg7 17. Nf4 Kh8 18. Nd2 Qd7 19. Nb3 Nc4 20. 0-0 Be7 21. Kh2 a5 22. Nd2 b5 23. Nxc4 dxc4 24. d5 exd5 25. Bf3 Bb7 26. Rad1 Qc8 27. Qe2 Rd8 28. Bxd5 Rb8 29. Bxb7 Qxb7 30. Qh5 b4 31. Qxh6 Rxd1 32. Rxd1 Qb6 33. e6 Qxf2+ 34. Kh3 Rg8 35. Nh5 Bxh4 0-1

[Event "Oberliga Nord O 1314"]
[Site "Germany"]
[Date "2013.11.20"]
[Round "3.3"]
[White "Anibar, Ahmed"]
[Black "Rietze, Clemens"]
[Result "0-1"]
[WhiteElo "2269"]
[BlackElo "2257"]
[PlyCount "40"]
[EventDate "2013.10.13"]
[EventType "team-tourn"]
[EventRounds "9"]
[EventCountry "GER"]
[SourceTitle "EXT 2015"]
[Source "ChessBase"]
[SourceDate "2014.11.20"]
[SourceVersion "1"]
[SourceVersionDate "2014.11.20"]
[SourceQuality "1"]
[WhiteTeam "Koenig Tegel II"]
[BlackTeam "Potsdam USV"]
[WhiteTeamCountry "GER"]
[BlackTeamCountry "GER"]

1. e4 e5 2. Nf3 Nc6 3. Bb5 a6 4. Bxc6 dxc6 5. 0-0 Bg4 6. h3 h5 7. d3 Qf6 8. Nbd2 Ne7 9. Re1 Ng6 10. d4 Bd6 11. dxe5 Bxe5 12. hxg4 hxg4 13. g3 gxf3 14. Qxf3 0-0-0 15. Qf5+ Kb8 16. Nc4 Rd4 17. Na5 Qd6 18. Be3 Bxg3 19. Bxd4 Nf4 20. Qc5 Rh1+ 0-1

[Event "Oberliga Nord O 1213"]
[Site "Germany"]
[Date "2013.04.14"]
[Round "9.3"]
[White "Thormann, Wolfgang"]
[Black "Anibar, Ahmed"]
[Result "0-1"]
[WhiteElo "2264"]
[BlackElo "2255"]
[PlyCount "75"]
[EventDate "2012.10.17"]
[EventType "team-tourn"]
[EventRounds "9"]
[EventCountry "GER"]
[SourceTitle "EXT 2015"]
[Source "ChessBase"]
[SourceDate "2014.11.20"]
[SourceVersion "1"]
[SourceVersionDate "2014.11.20"]
[SourceQuality "1"]
[WhiteTeam "Oberschoeneweide"]
[BlackTeam "Koenig Tegel"]
[WhiteTeamCountry "GER"]
[BlackTeamCountry "GER"]

1. e4 e6 2. d4 d5 3. Nc3 Nc6 4. Nf3 Nf6 5. Bg5 Be7 6. e5 Ne4 7. Bxe7 Qxe7 8. Nxe4 dxe4 9. Nd2 Nxd4 10. Nxe4 Nc6 11. c3 Nxe5 12. Qa4+ Nd7 13. 0-0-0 0-0 14. f4 Nb6 15. Qd4 Bd7 16. Bd3 Rfd8 17. Qf2 Ba4 18. Rd2 Bc6 19. Ng5 h6 20. Nf3 Bxf3 21. Qxf3 Rd5 22. Re2 Rad8 23. Be4 Ra5 24. Bb1 Qf6 25. g3 c6 26. Rhe1 Rad5 27. h4 a5 28. Qe3 Nc4 29. Qe4 b5 30. a4 Kf8 31. Ba2 Rc5 32. g4 Nb6 33. f5 e5 34. Qe3 Nxa4 35. Bb3 Qe7 36. g5 Rxc3+ 37. bxc3 Qa3+ 38. Kc2 0-1

[Event "Oberliga Nord O 1213"]
[Site "Germany"]
[Date "2012.10.17"]
[Round "1.4"]
[White "Anibar, Ahmed"]
[Black "Gruzmann, Boris"]
[Result "1/2-1/2"]
[WhiteElo "2255"]
[BlackElo "2298"]
[PlyCount "58"]
[EventDate "2012.10.17"]
[EventType "team-tourn"]
[EventRounds "9"]
[EventCountry "GER"]
[SourceTitle "EXT 2015"]
[Source "ChessBase"]
[SourceDate "2014.11.20"]
[SourceVersion "1"]
[SourceVersionDate "2014.11.20"]
[SourceQuality "1"]
[WhiteTeam "Koenig Tegel"]
[BlackTeam "Lasker Steglitz"]
[WhiteTeamCountry "GER"]
[BlackTeamCountry "GER"]

1. e4 c5 2. Nf3 d6 3. Bb5+ Bd7 4. Bxd7+ Qxd7 5. 0-0 Nc6 6. c3 Nf6 7. d4 cxd4 8. cxd4 d5 9. e5 Ne4 10. Ne1 h6 11. f3 Ng5 12. Nc3 e6 13. Be3 Bb4 14. Nd3 Bxc3 15. bxc3 b6 16. Rc1 Na5 17. Nb2 Rc8 18. Bxg5 hxg5 19. f4 gxf4 20. Qg4 g6 21. Qxf4 Qe7 22. Nd3 Rc7 23. Nf2 Kd8 24. Ng4 Kc8 25. Nf6 Kb7 26. Rf3 Nc4 27. Rcf1 Qa3 28. Ng4 Rh7 29. Nf6 Rh8 1/2-1/2

[Event "BL2-Nord 1011"]
[Site "Germany"]
[Date "2011.04.10"]
[Round "9.6"]
[White "Guth, Thomas"]
[Black "Anibar, Ahmed"]
[Result "1-0"]
[WhiteElo "2275"]
[BlackElo "2273"]
[PlyCount "79"]
[EventDate "2010.10.10"]
[EventType "team-tourn"]
[EventRounds "9"]
[EventCountry "GER"]
[SourceTitle "EXT 2012"]
[Source "ChessBase"]
[SourceDate "2011.11.24"]
[SourceVersion "1"]
[SourceVersionDate "2011.11.24"]
[SourceQuality "1"]
[WhiteTeam "Pankow Rotation"]
[BlackTeam "Neukloster"]
[WhiteTeamCountry "GER"]
[BlackTeamCountry "GER"]

1. e4 e6 2. d4 d5 3. e5 c5 4. c3 Bd7 5. a3 a6 6. b4 cxd4 7. cxd4 Nc6 8. Nf3 Rc8 9. Bd3 Qb6 10. Be3 Nh6 11. 0-0 Nf5 12. Nbd2 Na7 13. Re1 Nxe3 14. Rxe3 Be7 15. Nb3 Ba4 16. Nfd2 Bg5 17. Qg4 Bxe3 18. fxe3 0-0 19. Qh5 g6 20. Qh6 Bxb3 21. Nxb3 f5 22. h4 Rf7 23. Rf1 Rc3 24. Nc5 Qc6 25. h5 Rg7 26. Qg5 Qe8 27. h6 Rf7 28. e4 Qe7 29. Qd2 Rxc5 30. dxc5 fxe4 31. Rxf7 Qxf7 32. Be2 Nc6 33. a4 Qe7 34. Qc3 Qg5 35. b5 axb5 36. axb5 Qxe5 37. Qa3 Ne7 38. c6 Kf7 39. cxb7 Qc7 40. Qa7 1-0

[Event "BL2-Nord 0910"]
[Site "Germany"]
[Date "2009.12.13"]
[Round "4.6"]
[White "Glantz, Robert"]
[Black "Anibar, Ahmed"]
[Result "1-0"]
[WhiteElo "2228"]
[BlackElo "2214"]
[PlyCount "49"]
[EventDate "2009.10.18"]
[EventType "team-tourn"]
[EventRounds "9"]
[EventCountry "GER"]
[SourceTitle "EXT 2011"]
[Source "ChessBase"]
[SourceDate "2010.11.26"]
[SourceVersion "1"]
[SourceVersionDate "2010.11.26"]
[SourceQuality "1"]
[WhiteTeam "Schachfreunde"]
[BlackTeam "Neukloster"]
[WhiteTeamCountry "GER"]
[BlackTeamCountry "GER"]

1. e4 e6 2. d3 d5 3. Qe2 Nf6 4. Nf3 Be7 5. g3 c5 6. Bg2 Nc6 7. 0-0 0-0 8. e5 Nd7 9. Re1 b5 10. h4 a5 11. Bf4 b4 12. Nbd2 a4 13. a3 Rb8 14. Nf1 c4 15. d4 c3 16. bxc3 bxa3 17. h5 Na5 18. h6 g6 19. Ne3 Nc4 20. Nxd5 Ba6 21. Nxe7+ Qxe7 22. Bg5 Qe8 23. Qe4 Bb7 24. Qf4 Ndb6 25. Qf6 1-0

[Event "BL2-Nord 0910"]
[Site "Germany"]
[Date "2009.11.29"]
[Round "3.6"]
[White "Anibar, Ahmed"]
[Black "Mossakowski, Florian"]
[Result "0-1"]
[WhiteElo "2214"]
[BlackElo "2339"]
[PlyCount "70"]
[EventDate "2009.10.18"]
[EventType "team-tourn"]
[EventRounds "9"]
[EventCountry "GER"]
[SourceTitle "EXT 2011"]
[Source "ChessBase"]
[SourceDate "2010.11.26"]
[SourceVersion "1"]
[SourceVersionDate "2010.11.26"]
[SourceQuality "1"]
[WhiteTeam "Neukloster"]
[BlackTeam "Delmenhorst"]
[WhiteTeamCountry "GER"]
[BlackTeamCountry "GER"]

1. e4 c5 2. Nf3 d6 3. Bb5+ Bd7 4. Bxd7+ Qxd7 5. 0-0 Nc6 6. c3 Nf6 7. Qe2 e6 8. Rd1 Be7 9. d4 cxd4 10. cxd4 d5 11. e5 Ne4 12. Be3 0-0 13. Ne1 f6 14. f3 Ng5 15. Nc3 Nf7 16. f4 Rac8 17. Rac1 a6 18. Na4 Rc7 19. Nc5 Bxc5 20. Rxc5 Nh6 21. g4 fxe5 22. dxe5 Qe7 23. Nd3 Qh4 24. Nf2 Rcf7 25. Kg2 Kh8 26. h3 Ng8 27. Nd3 Nge7 28. b4 g5 29. Rf1 Kg8 30. Rf2 Ng6 31. fxg5 Rxf2+ 32. Nxf2 Ngxe5 33. b5 axb5 34. Rxb5 Rf3 35. Rb3 Qg3+ 0-1

[Event "BL2-Nord 0910"]
[Site "Germany"]
[Date "2009.11.15"]
[Round "2.7"]
[White "Anibar, Ahmed"]
[Black "Kahlert, Thomas"]
[Result "1-0"]
[WhiteElo "2214"]
[BlackElo "2256"]
[PlyCount "65"]
[EventDate "2009.10.18"]
[EventType "team-tourn"]
[EventRounds "9"]
[EventCountry "GER"]
[SourceTitle "EXT 2011"]
[Source "ChessBase"]
[SourceDate "2010.11.26"]
[SourceVersion "1"]
[SourceVersionDate "2010.11.26"]
[SourceQuality "1"]
[WhiteTeam "Neukloster"]
[BlackTeam "Norderstedt"]
[WhiteTeamCountry "GER"]
[BlackTeamCountry "GER"]

1. e4 e5 2. Nf3 Nc6 3. Bb5 a6 4. Bxc6 dxc6 5. 0-0 Bd6 6. Na3 Ne7 7. Nc4 Ng6 8. d4 f6 9. dxe5 fxe5 10. Ng5 Qd7 11. h3 Be7 12. Qh5 Bxg5 13. Nxe5 Qe6 14. Nxg6 Qxg6 15. Qxg6+ hxg6 16. Bxg5 Be6 17. Rad1 Kf7 18. a3 a5 19. Rd2 Rh5 20. h4 Rhh8 21. f4 a4 22. f5 gxf5 23. exf5 Bd5 24. c4 Bxc4 25. Rd7+ Ke8 26. Re7+ Kf8 27. Rf4 Bd5 28. Rxc7 b5 29. f6 gxf6 30. Bxf6 Rg8 31. Bg5+ Ke8 32. Re7+ Kd8 33. Ra7+ 1-0

[Event "Boeblingen op 25th"]
[Site "Boeblingen"]
[Date "2008.12.29"]
[Round "6"]
[White "Anibar, Ahmed"]
[Black "Kurmann, Oliver"]
[Result "1/2-1/2"]
[WhiteElo "2214"]
[BlackElo "2434"]
[PlyCount "70"]
[EventDate "2008.12.26"]
[EventType "swiss"]
[EventRounds "9"]
[EventCountry "GER"]
[SourceTitle "CBM 128 Extra"]
[Source "ChessBase"]
[SourceDate "2009.03.05"]
[SourceVersion "2"]
[SourceVersionDate "2009.03.25"]
[SourceQuality "1"]

1. e4 c5 2. Nf3 b6 3. c4 Bb7 4. Nc3 e6 5. d4 cxd4 6. Nxd4 a6 7. Be3 Qc7 8. Rc1 Nf6 9. f3 d6 10. Be2 Be7 11. 0-0 0-0 12. b4 Nbd7 13. a3 Rac8 14. Qd2 Qb8 15. Rfd1 Bd8 16. Bf1 Bc7 17. g3 Rfe8 18. Qf2 Rcd8 19. Nb3 Ba8 20. Bd4 h6 21. Na4 Bc6 22. Nb2 b5 23. cxb5 Bxb5 24. Bxb5 axb5 25. Rc6 d5 26. Rdc1 Be5 27. exd5 Nxd5 28. Nd3 Bxd4 29. Nxd4 g6 30. R6c2 Rc8 31. Nc6 Qd6 32. Qd2 Kh7 33. Nf2 f5 34. Ne4 Qf8 35. Nf2 Qd6 1/2-1/2

[Event "Boeblingen op 25th"]
[Site "Boeblingen"]
[Date "2008.12.29"]
[Round "7"]
[White "Schneider, Ilja"]
[Black "Anibar, Ahmed"]
[Result "1-0"]
[WhiteElo "2486"]
[BlackElo "2214"]
[PlyCount "63"]
[EventDate "2008.12.26"]
[EventType "swiss"]
[EventRounds "9"]
[EventCountry "GER"]
[SourceTitle "CBM 128 Extra"]
[Source "ChessBase"]
[SourceDate "2009.03.05"]
[SourceVersion "2"]
[SourceVersionDate "2009.03.25"]
[SourceQuality "1"]

1. e4 c5 2. c3 d5 3. exd5 Qxd5 4. Nf3 g6 5. d4 Bg7 6. c4 Qe4+ 7. Be3 cxd4 8. Nxd4 Nc6 9. Nc3 Qe5 10. Nf3 Qa5 11. Bd2 Nf6 12. Nd5 Qd8 13. Bc3 0-0 14. Be2 Be6 15. Nxf6+ exf6 16. Qxd8 Rfxd8 17. 0-0 Rac8 18. Rfd1 b6 19. b3 h6 20. Rxd8+ Rxd8 21. Rd1 Rxd1+ 22. Bxd1 f5 23. Bxg7 Kxg7 24. Kf1 Kf6 25. Ke2 f4 26. Kd2 g5 27. Kc3 Bg4 28. h3 Bxf3 29. Bxf3 Ne5 30. Be4 Nd7 31. Kd4 a5 32. Kd5 1-0

[Event "Boeblingen op 25th"]
[Site "Boeblingen"]
[Date "2008.12.27"]
[Round "3"]
[White "Anibar, Ahmed"]
[Black "Strohhaeker, Raoul"]
[Result "1-0"]
[WhiteElo "2214"]
[BlackElo "2444"]
[PlyCount "51"]
[EventDate "2008.12.26"]
[EventType "swiss"]
[EventRounds "9"]
[EventCountry "GER"]
[SourceTitle "CBM 128 Extra"]
[Source "ChessBase"]
[SourceDate "2009.03.05"]
[SourceVersion "2"]
[SourceVersionDate "2009.03.25"]
[SourceQuality "1"]

1. e4 c5 2. Nf3 e6 3. b3 Nf6 4. e5 Nd5 5. Bb2 Nc6 6. c4 Nf4 7. g3 Ng6 8. h4 d6 9. exd6 Qxd6 10. Nc3 e5 11. h5 Nge7 12. Ne4 Qc7 13. Nxc5 Bg4 14. Rh4 f5 15. Rxg4 fxg4 16. Ng5 Qc8 17. Be2 Nb4 18. a3 Qxc5 19. axb4 Qb6 20. Bxg4 Nc6 21. Qf3 Nd8 22. c5 Qc6 23. Qd3 Be7 24. b5 Qh6 25. Qd7+ Kf8 26. Ne4 1-0

[Event "BL2-Nord 0809"]
[Site "Germany"]
[Date "2008.11.30"]
[Round "3.4"]
[White "Zierke, Oliver"]
[Black "Anibar, Ahmed"]
[Result "1/2-1/2"]
[WhiteElo "2300"]
[BlackElo "2214"]
[PlyCount "61"]
[EventDate "2008.10.05"]
[EventType "team-tourn"]
[EventRounds "9"]
[EventCountry "GER"]
[SourceTitle "CBM 129 Extra"]
[Source "ChessBase"]
[SourceDate "2009.05.05"]
[SourceVersion "2"]
[SourceVersionDate "2009.05.20"]
[SourceQuality "1"]
[WhiteTeam "Norderstedt"]
[BlackTeam "Oberschoeneweide"]
[WhiteTeamCountry "GER"]
[BlackTeamCountry "GER"]

1. d4 d5 2. c4 c6 3. Nf3 Nf6 4. Nc3 a6 5. e3 b5 6. b3 Bg4 7. h3 Bxf3 8. gxf3 e6 9. Rg1 Nbd7 10. f4 g6 11. c5 Bg7 12. Bd3 0-0 13. Bd2 a5 14. Qc2 Qe7 15. 0-0-0 Nxc5 16. dxc5 Qxc5 17. Ne2 Qb6 18. Nc3 c5 19. Nxb5 c4 20. bxc4 dxc4 21. Bxc4 Rfc8 22. Kb1 Rc5 23. Rc1 Rxb5+ 24. Bxb5 Qxb5+ 25. Qb3 Qf5+ 26. Rc2 Ne4 27. Qd3 Qf6 28. Qd4 Qf5 29. Qd3 Qf6 30. Qd4 Qf5 31. Qd3 1/2-1/2